Taylor Swift - Chansons de The Tortured Poets Department par durée - Statistiques

Statistiques générales
  • Ce quiz a été pris 37 fois
  • Le résultat moyen est 18 sur 30
Statistiques - réponses
Hint Réponse % Correct
5:40 min But Daddy I Love Him
95%
4:53 min The Tortured Poets Department
89%
5:34 min Who's Afraid Of Little Old Me?
79%
3:48 min Fortnight feat.Post Malone
74%
4:37 min loml
74%
3:23 min My Boy Only Breaks His Favorite Toys
68%
4:44 min Peter
68%
4:21 min Down Bad
63%
3:35 min Florida!!! feat. Florence + the Machine
63%
3:38 min I Can Do It With A Broken Heart
63%
4:22 min So Long, London
63%
4:05 min The Smallest Man Who Ever Lived
63%
4:00 min Cassandra
58%
3:33 min Chloe or Sam or Sophia or Marcus
58%
4:14 min Guilty As Sin?
58%
2:36 min I Can Fix Him (No Really I Can)
58%
2:12 min I Look in People's Windows
58%
4:01 min Robin
58%
3:49 min So High School
58%
3:16 min The Alchemy
58%
3:59 min The Black Dog / How Did It End?
58%
4:10 min The Prophecy
58%
3:36 min Clara Bow
53%
3:30 min Fresh Out The Slammer
53%
3:42 min imgonnagetyouback
53%
3:58 min The Bolter
53%
3:45 min The Manuscript
53%
4:04 min I Hate It Here
47%
3:04 min The Albatross
47%
4:24 min thanK you alMee
37%
Aucun quiz correspondant
Distribution des résultats
% des personnes avec chaque résultat
Percentile par nombre de réponses
Votre historique - résultats
Vous n’avez pas pris ce quiz